[Event "XIV American Continental"]
[Site "Sao Paulo BRA"]
[Date "2019.07.11"]
[Round "9.85"]
[White "Andrade, Guilherme Alves de Souza"]
[Black "Itagyba, Renan Fortes"]
[Result "1/2-1/2"]
[WhiteElo "1867"]
[BlackElo "1719"]
[EventDate "2019.07.05"]
[PlyCount "30"]
[EventRounds "11"]
[EventCountry "BRA"]

1.b3 e5 2.Bb2 Nc6 3.e3 g6 4.Nf3 Bg7 5.Bb5 Nge7 6.d4 exd4 7.Nxd4 O-O 8.Nxc6
Nxc6 9.Bxg7 Kxg7 10.Nd2 Qg5 11.Bxc6 dxc6 12.Qf3 Be6 13.Qg3 Qa5 14.Ke2 Rad8
15.Nf3 Qb5+ 1/2-1/2

[Event "XIV American Continental"]
[Site "Sao Paulo BRA"]
[Date "2019.07.11"]
[Round "9.86"]
[White "Melo, Igor de Souza"]
[Black "Cadilhac, Mariana Sawae Kikuchi"]
[Result "0-1"]
[WhiteElo "1825"]
[BlackElo "1639"]
[EventDate "2019.07.05"]
[PlyCount "90"]
[EventRounds "11"]
[EventCountry "BRA"]

1.e4 e5 2.Nf3 Nc6 3.d4 exd4 4.Bc4 Nf6 5.e5 d5 6.Bb5 Ne4 7.Nxd4 Bd7 8.Bxc6 
bxc6 9.O-O Bc5 10.f3 Ng5 11.Be3 Qe7 12.f4 Ne4 13.Nd2 Nxd2 14.Qxd2 O-O 15.
Bf2 Bb6 16.Rae1 c5 17.Ne2 Bc6 18.Bg3 f6 19.Bh4 Qf7 20.exf6 gxf6 21.f5 Qh5 
22.Bg3 Rfe8 23.b3 Re4 24.Nf4 Qxf5 25.Nd3 Qg6 26.Nf2 Rxe1 27.Rxe1 Re8 28.
Rxe8+ Qxe8 29.Ng4 Qe6 30.h3 h5 31.Nh6+ Kg7 32.Bf4 c4+ 33.Kh2 cxb3 34.axb3 
Qe4 35.c3 Kg6 36.b4 h4 37.Ng4 Bd7 38.Nf2 Qf5 39.Be3 Bxe3 40.Qxe3 Qe5+ 41.
Qxe5 fxe5 42.Nd3 Kf5 43.g4+ hxg3+ 44.Kxg3 Bb5 45.h4 Bxd3 0-1

[Event "XIV American Continental"]
[Site "Sao Paulo BRA"]
[Date "2019.07.11"]
[Round "9.87"]
[White "Haraguchi, Diego Sashaki"]
[Black "Lo Kim Lin, Frank"]
[Result "0-1"]
[WhiteElo "1634"]
[BlackElo "1823"]
[EventDate "2019.07.05"]
[PlyCount "128"]
[EventRounds "11"]
[EventCountry "BRA"]

1.d4 Nf6 2.c4 e6 3.Nf3 d5 4.Nc3 Be7 5.Bg5 O-O 6.e3 c6 7.cxd5 exd5 8.Bd3 
Bg4 9.Bxf6 Bxf6 10.h3 Be6 11.O-O Nd7 12.Ne2 c5 13.Qc2 h6 14.Nf4 Rc8 15.Qd2
Re8 16.Rac1 b6 17.Rfd1 c4 18.Bb1 Nf8 19.Qc2 g6 20.Qd2 Qd6 21.Re1 Bg7 22.
Rc3 b5 23.Nxe6 Nxe6 24.Rcc1 Rcd8 25.a3 Rd7 26.Qc2 Rde7 27.g3 a5 28.Qd2 b4 
29.Bc2 h5 30.axb4 axb4 31.Ra1 b3 32.Bd1 f5 33.Nh4 Nxd4 34.Bxh5 gxh5 35.
exd4 Qf6 36.Nf3 Re4 37.Qa5 Kh8 38.h4 Qd6 39.Ng5 R4e7 40.Nf7+ Rxf7 41.Rxe8+
Kh7 42.Qd2 f4 43.Qe2 Qg6 44.Re6 Bf6 45.Kh2 Qf5 46.Raa6 fxg3+ 47.fxg3 Bxd4 
48.Rh6+ Kg7 49.Rhg6+ Kh8 50.Ra8+ Kh7 51.Rg5 Qf2+ 52.Qxf2 Rxf2+ 53.Kh3 Bxb2
54.Rxh5+ Kg6 55.Rxd5 c3 56.Ra6+ Rf6 57.h5+ Kf7 58.Ra7+ Ke6 59.Rd3 c2 60.
Re3+ Be5 61.Ra6+ Kf7 62.Rxe5 b2 63.Rxf6+ Kxf6 64.Re4 c1=Q 0-1

[Event "XIV American Continental"]
[Site "Sao Paulo BRA"]
[Date "2019.07.11"]
[Round "9.88"]
[White "Silva, Rodrigo Ferreira da"]
[Black "Ferreira, Caio Tulio Moreira"]
[Result "0-1"]
[WhiteElo "1803"]
[BlackElo "1579"]
[EventDate "2019.07.05"]
[PlyCount "58"]
[EventRounds "11"]
[EventCountry "BRA"]

1.Nf3 c5 2.c4 Nf6 3.g3 d5 4.cxd5 Nxd5 5.Nc3 Nc7 6.Bg2 Nc6 7.O-O e5 8.d3 
Be7 9.Ne4 f6 10.Be3 b6 11.Nh4 Bd7 12.Nc3 Rc8 13.Be4 Nd4 14.Bxd4 cxd4 15.
Nb1 g6 16.Bg2 O-O 17.Nd2 g5 18.Nhf3 g4 19.Ne1 Ne6 20.Qb3 Kh8 21.f4 exf4 
22.gxf4 Bd6 23.Ne4 Bxf4 24.Nc2 Qc7 25.Rxf4 Nxf4 26.Nxd4 Nh3+ 27.Bxh3 gxh3 
28.Ne6 Bxe6 29.Qxe6 Rg8+ 0-1

[Event "XIV American Continental"]
[Site "Sao Paulo BRA"]
[Date "2019.07.11"]
[Round "9.89"]
[White "Monteiro, Marcos Paulo de Souza"]
[Black "De Oliveira, Francemir Barra"]
[Result "1-0"]
[WhiteElo "1953"]
[BlackElo "1600"]
[EventDate "2019.07.05"]
[PlyCount "87"]
[EventRounds "11"]
[EventCountry "BRA"]

1.d4 d5 2.c4 e6 3.Nc3 c6 4.cxd5 exd5 5.Qc2 Nf6 6.Bg5 Nbd7 7.e3 Be7 8.Bd3 
b5 9.a3 a6 10.Nge2 O-O 11.O-O h6 12.Bh4 Re8 13.f3 Nf8 14.Bf2 c5 15.Rad1 c4
16.Bf5 Bxf5 17.Qxf5 g6 18.Qh3 Kg7 19.e4 N8h7 20.e5 Ng8 21.f4 b4 22.axb4 
Bxb4 23.Qf3 Bxc3 24.Nxc3 Rb8 25.Rd2 Ne7 26.Bh4 f6 27.exf6+ Nxf6 28.Bxf6+ 
Kxf6 29.f5 gxf5 30.Qh5 Rh8 31.Re2 Qd7 32.Rfe1 Rbe8 33.Nxd5+ Qxd5 34.Qh4+ 
Kf7 35.Rxe7+ Rxe7 36.Rxe7+ Kg6 37.Re5 Qd8 38.Qg3+ Kf6 39.Qf4 Qd7 40.g4 Rg8
41.Qxh6+ Rg6 42.Qh8+ Kf7 43.Qh7+ Rg7 44.Rxf5+ 1-0

[Event "XIV American Continental"]
[Site "Sao Paulo BRA"]
[Date "2019.07.11"]
[Round "9.90"]
[White "Andreata, Mauro Antonio"]
[Black "Kruger, Israel"]
[Result "0-1"]
[WhiteElo "1648"]
[BlackElo "1869"]
[EventDate "2019.07.05"]
[PlyCount "154"]
[EventRounds "11"]
[EventCountry "BRA"]

1.d4 g6 2.c4 Bg7 3.Nf3 d6 4.Nc3 Bg4 5.e4 Bxf3 6.gxf3 c5 7.Be3 cxd4 8.Bxd4 
Nf6 9.f4 Nc6 10.Be3 Qa5 11.Qd2 Ng4 12.Bg2 Nxe3 13.fxe3 Bxc3 14.bxc3 Rc8 
15.O-O Qc7 16.Bh3 Rd8 17.Rab1 b6 18.Rf2 O-O 19.Bf1 Na5 20.Qe2 Rc8 21.Rb4 
e5 22.h4 h5 23.Rg2 Kh7 24.Rg5 Rh8 25.f5 Kg7 26.Qg2 Rh6 27.Be2 Rch8 28.Qg3 
Kf8 29.Kh2 Rg8 30.f6 Nb7 31.Rb1 Nc5 32.Qf3 Qb7 33.Qg2 Qxe4 34.Rd1 Qxh4+ 
35.Kg1 Ne4 36.Rxe5 Nxf6 37.Rxd6 Kg7 38.Rd1 Rhh8 39.c5 Re8 40.Rxe8 Rxe8 41.
c6 Rc8 42.Bf3 Ng4 43.Bxg4 Qxg4 44.Qxg4 hxg4 45.Rd6 Kh6 46.Rf6 Rc7 47.e4 
Re7 48.Kf2 Rxe4 49.Rxf7 Rc4 50.Rxa7 Rxc6 51.Ra3 Kg5 52.Kg3 Rf6 53.Rb3 Rf3+
54.Kg2 Rd3 55.a4 Kh4 56.Rxb6 Rxc3 57.Rxg6 Rc2+ 58.Kf1 Ra2 59.Rh6+ Kg3 60.
Ra6 Ra1+ 61.Ke2 Kg2 62.Ra8 g3 63.a5 Ra2+ 64.Ke1 Ra4 65.a6 Ra1+ 66.Ke2 Ra2+
67.Ke1 Ra1+ 68.Ke2 Kg1 69.a7 g2 70.Ke3 Re1+ 71.Kd2 Re7 72.Kd3 Rf7 73.Kc4 
Kf2 74.Rg8 Rxa7 75.Rf8+ Ke1 76.Rg8 Ra2 77.Kd3 Kf1 0-1

[Event "XIV American Continental"]
[Site "Sao Paulo BRA"]
[Date "2019.07.11"]
[Round "9.91"]
[White "Japiassu, Glauco Antonio Bezerra"]
[Black "Frattini, Beatriz Maria"]
[Result "0-1"]
[WhiteElo "1526"]
[BlackElo "1858"]
[EventDate "2019.07.05"]
[PlyCount "52"]
[EventRounds "11"]
[EventCountry "BRA"]

1.d4 Nf6 2.Bf4 g6 3.e3 Bg7 4.Nf3 d6 5.h3 Nbd7 6.c4 c5 7.Nbd2 b6 8.Be2 Bb7 
9.O-O O-O 10.Rc1 cxd4 11.Nxd4 e5 12.Nb5 exf4 13.Nxd6 Bc6 14.exf4 Qc7 15.
Nb3 Rad8 16.Qd2 Nc5 17.Nxc5 Rxd6 18.Nd3 Be4 19.Qc3 Nh5 20.Qb3 Bxd3 21.Bxd3
Bxb2 22.Qxb2 Rxd3 23.g3 Qc5 24.Rfe1 Rxg3+ 25.Kh2 Rf3 26.Re2 Nxf4 0-1

[Event "XIV American Continental"]
[Site "Sao Paulo BRA"]
[Date "2019.07.11"]
[Round "9.92"]
[White "Amaral, Danilo Tokechi"]
[Black "Pascheto, Ademir Heleno"]
[Result "0-1"]
[WhiteElo "1432"]
[BlackElo "1827"]
[EventDate "2019.07.05"]
[PlyCount "104"]
[EventRounds "11"]
[EventCountry "BRA"]

1.e4 e5 2.Nf3 Nc6 3.Bc4 Be7 4.O-O Nf6 5.d3 O-O 6.Be3 d5 7.exd5 Nxd5 8.Nbd2
Nxe3 9.fxe3 Bg4 10.Qe1 Bf6 11.Ne4 Be7 12.a3 Kh8 13.Qg3 f5 14.Ned2 Bd6 15.
e4 Nd4 16.Nxd4 exd4 17.e5 Be7 18.Nf3 c5 19.Rab1 Qe8 20.h3 Bh5 21.Ng5 Qg6 
22.Nf7+ Rxf7 23.Qxg6 Bxg6 24.Bxf7 Bxf7 25.Rxf5 Be6 26.Rf3 Kg8 27.Rbf1 a5 
28.Kf2 b5 29.Ke2 c4 30.Kd1 Bg5 31.dxc4 Bxc4 32.Re1 Be3 33.b3 Bd5 34.Rf5 
Bxg2 35.e6 Bxh3 36.Re5 Bg4+ 37.Re2 b4 38.a4 Re8 39.Ke1 Rxe6 40.Rxa5 Bxe2 
41.Kxe2 d3+ 42.Kxd3 Bf2 43.Rb5 Be1 44.a5 Ra6 45.Kc4 g6 46.Rb8+ Kg7 47.Kb5 
Ra7 48.a6 Bf2 49.Ka5 h5 50.Kxb4 h4 51.Re8 h3 52.Rd8 h2 0-1

[Event "XIV American Continental"]
[Site "Sao Paulo BRA"]
[Date "2019.07.11"]
[Round "9.93"]
[White "Dos Santos, Fabio Alexandre"]
[Black "Souza Junior, Helemberg Cubica de"]
[Result "0-1"]
[WhiteElo "1821"]
[BlackElo "1714"]
[EventDate "2019.07.05"]
[PlyCount "101"]
[EventRounds "11"]
[EventCountry "BRA"]

1.d4 Nf6 2.Bf4 e6 3.Nf3 Be7 4.e3 Nc6 5.h3 d6 6.Nbd2 O-O 7.c3 Re8 8.Bb5 Bd7
9.O-O a6 10.Bd3 Bf8 11.Qc2 e5 12.Bg5 h6 13.Bh4 exd4 14.exd4 d5 15.Rfe1 Be6
16.Ne5 g5 17.Bg3 Nxe5 18.Bxe5 Bg7 19.Re3 Rc8 20.Rae1 c5 21.Bf5 cxd4 22.
Bxd4 Qd7 23.Bxe6 Rxe6 24.Rxe6 fxe6 25.Bxf6 Bxf6 26.Qg6+ Qg7 27.Qxg7+ Kxg7 
28.Rxe6 d4 29.c4 Kf7 30.Re4 d3 31.b3 Bc3 32.Nb1 Ba5 33.Kf1 Rd8 34.Re1 Bxe1
35.Kxe1 Kf6 36.Kd2 Ke5 37.Nc3 Kd4 38.Nd5 Rf8 39.f3 Re8 40.Nc3 h5 41.Ne4 g4
42.hxg4 hxg4 43.Nc3 gxf3 44.gxf3 Rf8 45.a4 Rxf3 46.Nd5 Rf2+ 47.Kc1 Ke4 48.
Nc3+ Kf3 49.Nb1 Rf1+ 50.Kb2 Rxb1+ 51.Kxb1 0-1

[Event "XIV American Continental"]
[Site "Sao Paulo BRA"]
[Date "2019.07.11"]
[Round "9.94"]
[White "Arruda Filho, Ivo Pereira de"]
[Black "Costa, Iaggo Bernini"]
[Result "1-0"]
[WhiteElo "1744"]
[BlackElo "1507"]
[EventDate "2019.07.05"]
[PlyCount "129"]
[EventRounds "11"]
[EventCountry "BRA"]

1.Nf3 Nf6 2.d4 g6 3.Bf4 Bg7 4.h3 d5 5.e3 O-O 6.Be2 c5 7.Nbd2 Nc6 8.c3 Nd7 
9.O-O e5 10.dxe5 Ndxe5 11.Nb3 c4 12.Nbd4 Nxf3+ 13.Nxf3 Re8 14.Qd2 Bf5 15.
Rfd1 Ne7 16.Nd4 Qd7 17.Nxf5 Qxf5 18.Bg4 Qf6 19.Bf3 Rad8 20.Bc7 Rd7 21.Ba5 
Nc6 22.Bb4 Nxb4 23.cxb4 Red8 24.Rab1 Qc6 25.Rdc1 Qb5 26.Be2 Rc7 27.b3 Qe8 
28.bxc4 dxc4 29.Qc2 b5 30.Rd1 Rxd1+ 31.Rxd1 Rd7 32.a4 Rxd1+ 33.Bxd1 a6 34.
axb5 axb5 35.Qd2 Qe7 36.Bf3 c3 37.Qc2 Qxb4 38.Bd1 Qa5 39.Qb3 b4 40.g3 Bf8 
41.Kg2 Qa1 42.h4 Qc1 43.Qa4 Qd2 44.Bb3 Qb2 45.Kf3 Kg7 46.Bd1 Qd2 47.Bb3 
Qd6 48.Kg2 Qe5 49.Kg1 g5 50.hxg5 Qxg5 51.Qd7 Qf6 52.Qg4+ Qg6 53.Qe2 h5 54.
Bc2 Qg5 55.Qd3 Bc5 56.Qh7+ Kf6 57.Qh8+ Ke7 58.Qh7 Qd5 59.Be4 Qd1+ 60.Kg2 
b3 61.Qf5 Qd6 62.Bd5 Qf6 63.Qe4+ Kf8 64.Bxb3 Qg6 65.Qc4 1-0

[Event "XIV American Continental"]
[Site "Sao Paulo BRA"]
[Date "2019.07.11"]
[Round "9.96"]
[White "Brito, Vicente de Paulo Alencar"]
[Black "Reyes, Jesus"]
[Result "1-0"]
[WhiteElo "1948"]
[BlackElo "1354"]
[EventDate "2019.07.05"]
[PlyCount "71"]
[EventRounds "11"]
[EventCountry "BRA"]

1.e4 e5 2.Nf3 Nc6 3.d4 exd4 4.Bc4 g6 5.Nxd4 Ne5 6.Bb3 d6 7.c3 Bg7 8.h3 Nf6
9.Bg5 O-O 10.O-O h6 11.Bxf6 Qxf6 12.f4 Nd7 13.Nd2 Nc5 14.Bc2 Re8 15.Qf3 
Bd7 16.Rae1 Re7 17.Qg3 Rae8 18.b4 Na4 19.Kh1 Nxc3 20.e5 dxe5 21.fxe5 Qb6 
22.Qxc3 Bxe5 23.Rxe5 Rxe5 24.Nc4 Qa6 25.b5 Bxb5 26.Nxe5 Bxf1 27.Ng4 h5 28.
Ne3 Qxa2 29.Nxf1 c6 30.Qd3 Rd8 31.Bb3 Qf2 32.Qxg6+ Kf8 33.Qh6+ Ke8 34.Ne3 
Qd2 35.Nef5 Qb2 36.Bxf7+ 1-0

[Event "XIV American Continental"]
[Site "Sao Paulo BRA"]
[Date "2019.07.11"]
[Round "9.97"]
[White "Da Silva, Jefferson Rian Ferreir"]
[Black "Nobre, Jose Adalberto Barbosa"]
[Result "1-0"]
[WhiteElo "1936"]
[BlackElo "1577"]
[EventDate "2019.07.05"]
[PlyCount "57"]
[EventRounds "11"]
[EventCountry "BRA"]

1.e4 c5 2.Nf3 g6 3.d4 cxd4 4.Nxd4 Nc6 5.c4 Nf6 6.Nc3 d6 7.Nxc6 bxc6 8.e5 
Ng8 9.exd6 exd6 10.Bf4 Bg7 11.Qd2 Ne7 12.Rd1 O-O 13.Be2 Nf5 14.O-O Nd4 15.
Bd3 h5 16.Bh6 Bf5 17.Bxg7 Kxg7 18.Be4 c5 19.Bxa8 Qxa8 20.f3 h4 21.Ne2 Nc2 
22.Rc1 Nb4 23.a3 Nc6 24.Qxd6 h3 25.Qxc5 Bd3 26.Rf2 Re8 27.Nd4 Re5 28.Qxc6 
Qe8 29.Qxe8 1-0

[Event "XIV American Continental"]
[Site "Sao Paulo BRA"]
[Date "2019.07.11"]
[Round "9.99"]
[White "Pereira Filho, Hildebrando Apolonio"]
[Black "Mesquita, Arnaldo Leite"]
[Result "0-1"]
[WhiteElo "1573"]
[BlackElo "1703"]
[EventDate "2019.07.05"]
[PlyCount "54"]
[EventRounds "11"]
[EventCountry "BRA"]

1.c4 c5 2.Nc3 Nc6 3.Nf3 Nf6 4.g3 g6 5.Bg2 Bg7 6.O-O O-O 7.d3 d6 8.Bd2 Rb8 
9.a3 Nd7 10.Qc2 Nde5 11.Bf4 Nxf3+ 12.exf3 Nd4 13.Qd1 b6 14.Rb1 Bb7 15.Ne4 
f5 16.Ng5 h6 17.Nh3 e5 18.Bd2 g5 19.g4 fxg4 20.fxg4 Qd7 21.f4 Bxg2 22.Kxg2
exf4 23.Nf2 f3+ 24.Kh1 Ne2 25.b4 Bd4 26.h3 d5 27.cxd5 Qd6 0-1

[Event "XIV American Continental"]
[Site "Sao Paulo BRA"]
[Date "2019.07.11"]
[Round "9.100"]
[White "Leite, Tarcisio Dantas Frota"]
[Black "Da Silveira, Thiago Graca"]
[Result "0-1"]
[WhiteElo "1571"]
[BlackElo "1590"]
[EventDate "2019.07.05"]
[PlyCount "124"]
[EventRounds "11"]
[EventCountry "BRA"]

1.e4 e5 2.Nf3 Nc6 3.Bb5 a6 4.Ba4 b5 5.Bb3 Nf6 6.O-O Be7 7.Re1 O-O 8.c3 d6 
9.d4 Bg4 10.Bd5 Nxd5 11.exd5 Na5 12.dxe5 dxe5 13.Rxe5 Bd6 14.Re1 Nc4 15.
Qd3 Nb6 16.Bg5 f6 17.Bh4 Nxd5 18.Bg3 Nf4 19.Bxf4 Bxf4 20.Qe4 g5 21.Nd4 Re8
22.Qxe8+ Qxe8 23.Rxe8+ Rxe8 24.Na3 c5 25.Nf3 Re2 26.b3 h5 27.h3 Bxf3 28.
gxf3 Be5 29.Kf1 Rd2 30.Rc1 Rxa2 31.Nc2 Bxc3 32.Ne3 Bd4 33.Nc2 Bc3 34.Ke2 
Be5 35.Kd3 Bf4 36.Re1 c4+ 37.bxc4 bxc4+ 38.Kc3 Be5+ 39.Kd2 Kf7 40.Rb1 Rb2 
41.Re1 a5 42.Re4 a4 43.Rxc4 a3 44.Kd3 a2 45.Na1 Rxf2 46.Rc1 h4 47.Ke4 Rb2 
48.Rc2 Rxc2 49.Nxc2 a1=Q 50.Nxa1 Bxa1 51.f4 Kg6 52.fxg5 Kxg5 53.Ke3 Kf5 
54.Kf3 Be5 55.Ke3 Ke6 56.Ke2 Bg3 57.Kf3 Kd5 58.Ke3 f5 59.Kf3 Kd4 60.Ke2 
Ke4 61.Kf1 Ke3 62.Kg1 Ke2 0-1

[Event "XIV American Continental"]
[Site "Sao Paulo BRA"]
[Date "2019.07.11"]
[Round "9.101"]
[White "Machado, Wesley Henrique"]
[Black "Nobre, Jailson Altair Barbosa"]
[Result "1/2-1/2"]
[WhiteElo "1386"]
[BlackElo "1692"]
[EventDate "2019.07.05"]
[PlyCount "114"]
[EventRounds "11"]
[EventCountry "BRA"]

1.e4 c5 2.Nf3 e6 3.d4 cxd4 4.Nxd4 a6 5.Bd3 Nf6 6.O-O Qc7 7.Qe2 d6 8.c4 Be7
9.Nc3 Nbd7 10.f4 O-O 11.Kh1 b6 12.Bd2 Bb7 13.f5 e5 14.Nc2 Nc5 15.Nb4 Nxd3 
16.Qxd3 Rac8 17.Nbd5 Nxd5 18.Nxd5 Bxd5 19.cxd5 Qc4 20.Qxc4 Rxc4 21.Rfe1 
Rc2 22.Bc3 Bg5 23.Kg1 Rc8 24.Rad1 Rc4 25.Rd3 a5 26.Rf3 b5 27.Bxa5 Rxb2 28.
Rf2 Rxf2 29.Kxf2 Ra4 30.Bc7 Rxa2+ 31.Re2 Rxe2+ 32.Kxe2 Be7 33.Kd3 g6 34.f6
Bxf6 35.Bxd6 Bd8 36.Bxe5 Kf8 37.Kc3 Ba5+ 38.Kb3 Ke7 39.Bc3 Bc7 40.h3 Kd6 
41.g4 Kc5 42.Bb4+ Kd4 43.d6 Bd8 44.Ba3 Kxe4 45.Kb4 f5 46.gxf5 gxf5 47.Kxb5
Kd5 48.Bc5 f4 49.Kb4 f3 50.d7 Kc6 51.Bf2 Kxd7 52.Kc4 Ke6 53.Kd3 Kf5 54.Ke3
Bb6+ 55.Kxf3 Bxf2 56.Kxf2 Kf4 57.Kg2 h5 1/2-1/2

[Event "XIV American Continental"]
[Site "Sao Paulo BRA"]
[Date "2019.07.12"]
[Round "10.4"]
[White "Salinas Herrera, Pablo"]
[Black "Duran Vega, Sergio"]
[Result "0-1"]
[WhiteElo "2498"]
[BlackElo "2364"]
[EventDate "2019.07.05"]
[PlyCount "112"]
[EventRounds "11"]
[EventCountry "BRA"]

1.d4 Nf6 2.c4 e6 3.Nc3 Bb4 4.Nf3 O-O 5.Bg5 h6 6.Bh4 c5 7.Rc1 cxd4 8.Nxd4 
Nc6 9.e3 b6 10.Nxc6 dxc6 11.Qa4 c5 12.f3 Bd7 13.Qb3 a5 14.a3 a4 15.Qc2 
Bxc3+ 16.Qxc3 Qe7 17.Bd3 Bc6 18.O-O e5 19.Bb1 Qe6 20.Rcd1 Rad8 21.Qc2 e4 
22.f4 Qg4 23.Bf2 Rd3 24.h3 Qg6 25.Qe2 Rfd8 26.Bh4 Rxd1 27.Rxd1 Rxd1+ 28.
Qxd1 Nd7 29.Bc2 f5 30.Bxa4 Bxa4 31.Qxa4 Qd6 32.Qc2 Nb8 33.Be1 Nc6 34.Bc3 
g5 35.Qe2 gxf4 36.Qh5 Qe6 37.exf4 e3 38.Qf3 Nd4 39.Qg3+ Kf7 40.Kh2 e2 41.
b3 Ke8 42.Be1 Nc2 43.Qc3 Nxe1 44.Qxe1 Qe3 45.g3 h5 46.h4 Kd7 47.a4 Qf3 48.
Kg1 Kc8 49.Qf2 Qe4 50.Qe1 Qe3+ 51.Kg2 Kb7 52.Kh2 Qf3 53.Kg1 Ka6 54.Qf2 
Qxb3 55.Kg2 Qd1 56.Qf3 e1=N+ 0-1

[Event "XIV American Continental"]
[Site "Sao Paulo BRA"]
[Date "2019.07.12"]
[Round "10.6"]
[White "Perdomo, Leandro"]
[Black "Gareev, Timur"]
[Result "1/2-1/2"]
[WhiteElo "2468"]
[BlackElo "2588"]
[EventDate "2019.07.05"]
[PlyCount "92"]
[EventRounds "11"]
[EventCountry "BRA"]

1.d4 d6 2.c4 e5 3.Nf3 e4 4.Ng5 f5 5.Nc3 Be7 6.Nh3 Nf6 7.g3 c6 8.Bg2 d5 9.
cxd5 cxd5 10.O-O O-O 11.Bg5 Be6 12.Nf4 Bf7 13.Bh3 g6 14.Qb3 Qd7 15.Rfc1 
Nc6 16.e3 Nh5 17.Bh6 Nxf4 18.gxf4 Rfc8 19.Bf1 Na5 20.Qb5 Qd8 21.b4 Nc4 22.
Bxc4 Rxc4 23.a3 b6 24.Qa4 a5 25.Qb3 axb4 26.axb4 Rxb4 27.Qd1 Bf8 28.Rxa8 
Qxa8 29.Ra1 Qc6 30.Bxf8 Kxf8 31.Qd2 Qc4 32.Rc1 Qb3 33.Rb1 Qa3 34.Rxb4 Qxb4
35.Qc2 h6 36.Na2 Qd6 37.Qc8+ Kg7 38.Nc3 Qe7 39.Qb8 g5 40.Qxb6 gxf4 41.exf4
Qh4 42.Qc7 Qg4+ 43.Kf1 Qh3+ 44.Kg1 Qg4+ 45.Kf1 Qh3+ 46.Kg1 Qg4+ 1/2-1/2

[Event "XIV American Continental"]
[Site "Sao Paulo BRA"]
[Date "2019.07.12"]
[Round "10.8"]
[White "Quintiliano Pinto, Renato R."]
[Black "Fier, Alexandr"]
[Result "1/2-1/2"]
[WhiteElo "2443"]
[BlackElo "2547"]
[EventDate "2019.07.05"]
[PlyCount "129"]
[EventRounds "11"]
[EventCountry "BRA"]

1.d4 Nf6 2.c4 e6 3.Nf3 d5 4.e3 Be7 5.Nc3 O-O 6.b3 c5 7.dxc5 dxc4 8.Qxd8 
Rxd8 9.Bxc4 Bxc5 10.Bb2 a6 11.O-O b5 12.Rfd1 Nbd7 13.Be2 Bb7 14.Rac1 Rac8 
15.Ne1 Bf8 16.Bf3 Bxf3 17.Nxf3 Nc5 18.Ne1 b4 19.Ne2 Nd5 20.Rd4 a5 21.e4 
Nf6 22.f3 a4 23.bxa4 Nxa4 24.Rxd8 Rxd8 25.Bd4 Ne8 26.Rc6 Nd6 27.Ra6 Nb5 
28.Rxa4 Nxd4 29.Nxd4 Rxd4 30.Kf2 Rd2+ 31.Ke3 Rb2 32.Ra8 g5 33.Ra5 h6 34.
Kd3 Rb1 35.Nc2 Rg1 36.Ne3 Ra1 37.Nc4 Kg7 38.Ke3 Rc1 39.Nd2 Rc2 40.g3 Rc1 
41.Ke2 Kg6 42.f4 g4 43.f5+ Kf6 44.fxe6 fxe6 45.e5+ Kg6 46.Nb3 Rc2+ 47.Kd3 
Rxh2 48.Nd4 Rg2 49.Nxe6 Rxg3+ 50.Ke4 Kf7 51.Nf4 Ra3 52.Rb5 g3 53.Rb7+ Be7 
54.e6+ Kf6 55.Nd5+ Kxe6 56.Rxe7+ Kd6 57.Rg7 Ra4 58.Rg6+ Kc5 59.Nxb4 Kxb4 
60.Kf3 Rxa2 61.Kxg3 h5 62.Rg5 Ra3+ 63.Kh4 Ra5 64.Rxa5 Kxa5 65.Kxh5 1/2-1/2

[Event "XIV American Continental"]
[Site "Sao Paulo BRA"]
[Date "2019.07.12"]
[Round "10.9"]
[White "Mekhitarian, Krikor Sevag"]
[Black "Lima, Darcy"]
[Result "1-0"]
[WhiteElo "2545"]
[BlackElo "2543"]
[EventDate "2019.07.05"]
[PlyCount "97"]
[EventRounds "11"]
[EventCountry "BRA"]

1.Nf3 Nf6 2.c4 g6 3.Nc3 Bg7 4.d4 d6 5.e4 O-O 6.Be2 c5 7.O-O Nc6 8.d5 Na5 
9.Bd2 e5 10.a3 b6 11.b4 Nb7 12.Rb1 Ne8 13.Ne1 f5 14.Nd3 Bd7 15.f4 exf4 16.
Nxf4 Bd4+ 17.Kh1 Qf6 18.Nb5 Be5 19.Nd3 a6 20.Nxe5 Qxe5 21.Nc3 fxe4 22.
Rxf8+ Kxf8 23.Qf1+ Kg8 24.Qf4 Qxf4 25.Bxf4 b5 26.cxb5 axb5 27.Nxb5 cxb4 
28.axb4 Ra2 29.Nc3 Rc2 30.Rb3 Nf6 31.Kg1 Bg4 32.Ba6 Bc8 33.Be2 Bg4 34.Ba6 
Bc8 35.Bg5 Kf7 36.Bxf6 Kxf6 37.Nxe4+ Ke5 38.Rc3 Ra2 39.Rxc8 Rxa6 40.Nc3 
Rb6 41.Rc4 Nd8 42.Kf2 Nf7 43.b5 h5 44.Ke3 Rb7 45.Rc8 Kf6 46.Kd4 Ne5 47.
Ne4+ Ke7 48.Re8+ Kd7 49.Re6 1-0

[Event "XIV American Continental"]
[Site "Sao Paulo BRA"]
[Date "2019.07.12"]
[Round "10.10"]
[White "Barbosa, Evandro Amorim"]
[Black "Hambleton, Aman"]
[Result "1/2-1/2"]
[WhiteElo "2506"]
[BlackElo "2487"]
[EventDate "2019.07.05"]
[PlyCount "124"]
[EventRounds "11"]
[EventCountry "BRA"]

1.e4 c5 2.Nf3 e6 3.d4 cxd4 4.Nxd4 Nc6 5.Nc3 Qc7 6.Be2 a6 7.O-O Nf6 8.Be3 
Bb4 9.Nxc6 bxc6 10.Qd4 c5 11.Qc4 Bb7 12.a3 Bxc3 13.Qxc3 Bxe4 14.f3 Bg6 15.
Qxc5 Qxc5 16.Bxc5 Bxc2 17.Rfc1 Ba4 18.Bd6 Kd8 19.Rc3 Ne8 20.Bb4 a5 21.Bc5 
Bc6 22.Rd1 Nf6 23.b4 Nd5 24.Rcc1 axb4 25.axb4 f6 26.b5 Bb7 27.b6 Ke8 28.
Bd4 Ke7 29.Ra1 e5 30.Bf2 Rxa1 31.Rxa1 Bc6 32.Bc5+ Ke6 33.Bc4 Rb8 34.Ra5 f5
35.h4 h5 36.g3 g6 37.Kf1 Kf6 38.Bxd5 Bxd5 39.Kf2 Ke6 40.f4 d6 41.Be3 Rc8 
42.Rb5 Rc2+ 43.Ke1 Bb7 44.fxe5 dxe5 45.Bd2 Rc4 46.Bh6 Rg4 47.Kf2 f4 48.
gxf4 exf4 49.Rg5 Rxh4 50.Rxg6+ Kf5 51.Rg7 Bd5 52.Rd7 Rh2+ 53.Kg1 Rh1+ 54.
Kf2 Ke6 55.b7 Rh2+ 56.Kg1 Rh1+ 57.Kf2 Rb1 58.Rd6+ Kxd6 59.Bxf4+ Ke6 60.
b8=Q Rxb8 61.Bxb8 h4 62.Bh2 h3 1/2-1/2

[Event "XIV American Continental"]
[Site "Sao Paulo BRA"]
[Date "2019.07.12"]
[Round "10.11"]
[White "Rodi, Luis Ernesto"]
[Black "Mecking, Henrique"]
[Result "0-1"]
[WhiteElo "2343"]
[BlackElo "2576"]
[EventDate "2019.07.05"]
[PlyCount "98"]
[EventRounds "11"]
[EventCountry "BRA"]

1.e4 c5 2.Nf3 d6 3.d4 cxd4 4.Nxd4 Nf6 5.Nc3 e6 6.g4 h6 7.Rg1 Nc6 8.Be3 Bd7
9.h4 h5 10.gxh5 Nxh5 11.Nxc6 Bxc6 12.Qd2 Nf6 13.Bg5 a6 14.O-O-O Qc7 15.Qd4
Be7 16.a4 Rc8 17.Be2 Qa5 18.Bd2 Qe5 19.Qxe5 dxe5 20.Rxg7 Nxe4 21.Nxe4 Bxe4
22.Bc3 Bxh4 23.Rg4 Bf5 24.Rb4 Bxf2 25.Rxb7 Bd4 26.Bxa6 Rh2 27.Bd3 Bxc3 28.
bxc3 Rxc3 29.Rd2 Rxd2 30.Kxd2 Ra3 31.Bc4 Be4 32.Rb8+ Ke7 33.Bb3 Ra1 34.Rb5
Kd6 35.Rb8 Bc6 36.Rf8 f5 37.Rd8+ Bd7 38.Kc3 e4 39.Kd4 e5+ 40.Ke3 Kc7 41.
Rf8 Rg1 42.Rf6 Rg3+ 43.Kf2 f4 44.Be6 e3+ 45.Ke2 Bxa4 46.Bd5 Bd7 47.Be6 Bc6
48.Bc4 Bf3+ 49.Kf1 Rh3 0-1

[Event "XIV American Continental"]
[Site "Sao Paulo BRA"]
[Date "2019.07.12"]
[Round "10.15"]
[White "Guimaraes, Diogo Duarte"]
[Black "Roselli Mailhe, Bernardo"]
[Result "0-1"]
[WhiteElo "2307"]
[BlackElo "2471"]
[EventDate "2019.07.05"]
[PlyCount "98"]
[EventRounds "11"]
[EventCountry "BRA"]

1.e4 e6 2.d4 d5 3.Nd2 c5 4.Ngf3 Nc6 5.Bb5 a6 6.exd5 axb5 7.dxc6 bxc6 8.
dxc5 Bxc5 9.Ne4 Qxd1+ 10.Kxd1 Be7 11.Bf4 Nf6 12.Nd6+ Bxd6 13.Bxd6 Ne4 14.
Bg3 c5 15.Nd2 Nxg3 16.hxg3 Bb7 17.f3 Ke7 18.Ke2 h6 19.a3 Rhc8 20.Ke3 Bd5 
21.Ne4 f5 22.Nc3 Bc6 23.b3 Rc7 24.Ra2 e5 25.a4 b4 26.Ne2 Bd5 27.Rd1 Ke6 
28.Rb2 c4 29.Rdb1 c3 30.Ra2 Rd7 31.Raa1 Bb7 32.Rd1 Rad8 33.Rxd7 Rxd7 34.
Nc1 Ba6 35.Nd3 Bxd3 36.cxd3 Kd5 37.a5 f4+ 38.Ke2 Ra7 39.a6 fxg3 40.Ra5+ 
Kc6 41.Rxe5 Rxa6 42.Re6+ Kb7 43.Re4 Ra2+ 44.Ke3 Rxg2 45.Rxb4+ Ka6 46.Rc4 
c2 47.Kf4 h5 48.d4 g5+ 49.Kxg5 Rd2 0-1